Good moon rising /

Jan begins her senior year of high school not expecting that she will lose the starring part in the school play, take over as director when her beloved drama teacher becomes ill, and realize that she is a lesbian.

Bibliographic Details
Main Author: Garden, Nancy
Format: Book
Language:English
Published: New York : Farrar Straus Giroux, 1996.
Edition:1st ed.
Subjects:

MARC

Tag First Indicator Second Indicator Subfields
LEADER 00000pam a2200000 a 4500
001 in00001408071
005 20151020070203.0
008 960223s1996 nyu j 000 1 eng
010 |a  96011836  
020 |a 0374327467 
035 |a (OCoLC)34355323 
035 |9 AHP8452AM 
040 |a DLC  |c DLC  |d UtOrBLW 
049 |a TXAG 
050 0 0 |a PZ7.G165  |b Go 1996 
082 0 0 |a [Fic]  |2 20 
100 1 |a Garden, Nancy. 
245 1 0 |a Good moon rising /  |c Nancy Garden. 
250 |a 1st ed. 
264 1 |a New York :  |b Farrar Straus Giroux,  |c 1996. 
300 |a 229 pages ;  |c 22 cm. 
336 |a text  |b txt  |2 rdacontent 
337 |a unmediated  |b n  |2 rdamedia 
338 |a volume  |b nc  |2 rdacarrier 
520 |a Jan begins her senior year of high school not expecting that she will lose the starring part in the school play, take over as director when her beloved drama teacher becomes ill, and realize that she is a lesbian. 
650 1 |a Lesbians  |x Fiction. 
650 1 |a Theater  |x Fiction. 
650 1 |a High schools  |x Fiction. 
650 1 |a Schools  |x Fiction. 
650 0 |a Identity (Philosophical concept)  |v Fiction. 
999 |a MARS 
999 f f |s 5fcaf7aa-2917-3587-9381-70ed01fc7207  |i f66eca7e-5911-3ac0-a62c-85b888fe18eb  |t 0 
952 f f |p normal  |a Texas A&M University  |b College Station  |c Sterling C. Evans Library  |d Evans: Curriculum Collection (4th floor)  |t 0  |e PZ7.G165 Go 1996  |h Library of Congress classification  |i unmediated -- volume  |m A14822240940 
998 f f |a PZ7.G165 Go 1996  |t 0  |l Evans: Curriculum Collection (4th floor)